000 00631nam a2200193 i 4500
001 185772
003 ES-MaACL
005 20260306063018.0
008 160808q1920 gw |||| | ger d
100 1 _aSalmony, Alfred,
_d1890-1958
_9160372
245 1 4 _aDie chinesische landschaftsmalerei /
_cmit einem vorwort von Alfred Salmony.
260 _aBerlin :
_bE. Wasmuth A. G.,
_c[1920]
300 _a14 p., 48 p. de lám. ;
_c26 cm.
490 1 _aOrbis pictus ;
_v4
650 4 _aPintura de paisaje-
_zChina.
_9160373
830 0 _aOrbis pictus ;
_v4
_9192388
852 _aES-MaACL
_jG-13360
999 _c185772
_d185772